[Event "European Chess Club Cup 2023"]
[Site "Durres, Albania"]
[Date "2023.10.07"]
[Round "7.16"]
[White "Cheparinov, Ivan"]
[Black "Gokerkan, Cem Kaan"]
[Result "1/2-1/2"]
[TimeControl "90' + 30' & 30\""]
[WhiteElo "2658"]
[BlackElo "2515"]

1. e4 {[%clk 01:30:57]} {[%emt 00:00:03]} e5 {[%clk 01:30:56]} {[%emt
00:00:05]} 2. Nf3 {[%clk 01:31:23]} {[%emt 00:00:04]} Nf6 {[%clk 01:31:22]}
{[%emt 00:00:04]} 3. Nxe5 {[%clk 01:30:24]} {[%emt 00:01:29]} d6 {[%clk
01:31:47]} {[%emt 00:00:05]} 4. Nf3 {[%clk 01:30:47]} {[%emt 00:00:06]} Nxe4
{[%clk 01:32:12]} {[%emt 00:00:06]} 5. d4 {[%clk 01:28:15]} {[%emt 00:03:02]}
d5 {[%clk 01:32:33]} {[%emt 00:00:09]} 6. Bd3 {[%clk 01:28:41]} {[%emt
00:00:04]} Bd6 {[%clk 01:32:49]} {[%emt 00:00:14]} 7. O-O {[%clk 01:29:04]}
{[%emt 00:00:06]} O-O {[%clk 01:33:15]} {[%emt 00:00:04]} 8. c4 {[%clk
01:29:28]} {[%emt 00:00:06]} c6 {[%clk 01:33:41]} {[%emt 00:00:04]} 9. Re1
{[%clk 01:29:27]} {[%emt 00:00:31]} Bf5 {[%clk 01:33:56]} {[%emt 00:00:16]} 10.
Qb3 {[%clk 01:29:34]} {[%emt 00:00:22]} Qd7 {[%clk 01:33:27]} {[%emt 00:00:59]}
11. c5 {[%clk 01:27:42]} {[%emt 00:02:22]} Bc7 {[%clk 01:30:38]} {[%emt
00:03:20]} 12. g3 {[%clk 01:27:56]} {[%emt 00:00:16]} Qc8 {[%clk 01:16:30]}
{[%emt 00:14:37]} 13. Nc3 {[%clk 01:26:05]} {[%emt 00:02:19]} Nxc3 {[%clk
00:41:59]} {[%emt 00:35:03]} 14. Qxc3 {[%clk 01:24:38]} {[%emt 00:01:57]} Bxd3
{[%clk 00:40:50]} {[%emt 00:01:40]} 15. Qxd3 {[%clk 01:25:01]} {[%emt
00:00:06]} Nd7 {[%clk 00:41:08]} {[%emt 00:00:12]} 16. Nh4 {[%clk 01:15:50]}
{[%emt 00:09:42]} Re8 {[%clk 00:37:42]} {[%emt 00:03:56]} 17. Bg5 {[%clk
01:14:35]} {[%emt 00:01:44]} g6 {[%clk 00:34:11]} {[%emt 00:04:02]} 18. Nf3
{[%clk 01:06:15]} {[%emt 00:08:49]} Nf8 {[%clk 00:22:02]} {[%emt 00:12:40]} 19.
Rxe8 {[%clk 01:05:41]} {[%emt 00:01:04]} Qxe8 {[%clk 00:22:30]} {[%emt
00:00:02]} 20. Re1 {[%clk 01:05:57]} {[%emt 00:00:13]} Ne6 {[%clk 00:22:56]}
{[%emt 00:00:05]} 21. Bf6 {[%clk 00:57:57]} {[%emt 00:08:30]} Bd8 {[%clk
00:23:13]} {[%emt 00:00:13]} 22. Bxd8 {[%clk 00:50:28]} {[%emt 00:07:59]} Qxd8
{[%clk 00:23:11]} {[%emt 00:00:32]} 23. b4 {[%clk 00:49:29]} {[%emt 00:01:28]}
Qf6 {[%clk 00:21:04]} {[%emt 00:02:37]} 24. a4 {[%clk 00:39:56]} {[%emt
00:10:03]} a5 {[%clk 00:18:31]} {[%emt 00:03:04]} 25. b5 {[%clk 00:39:22]}
{[%emt 00:01:03]} cxb5 {[%clk 00:18:58]} {[%emt 00:00:04]} 26. axb5 {[%clk
00:39:17]} {[%emt 00:00:35]} a4 {[%clk 00:19:26]} {[%emt 00:00:01]} 27. Re2
{[%clk 00:37:27]} {[%emt 00:02:20]} g5 {[%clk 00:11:26]} {[%emt 00:08:31]} 28.
h3 {[%clk 00:19:55]} {[%emt 00:18:01]} Qg6 {[%clk 00:08:03]} {[%emt 00:03:53]}
29. Qa3 {[%clk 00:15:05]} {[%emt 00:05:20]} Qb1+ {[%clk 00:07:51]} {[%emt
00:00:43]} 30. Kg2 {[%clk 00:14:54]} {[%emt 00:00:40]} Qxb5 {[%clk 00:08:16]}
{[%emt 00:00:05]} 31. Rb2 {[%clk 00:15:03]} {[%emt 00:00:22]} Qc4 {[%clk
00:06:59]} {[%emt 00:01:46]} 32. Rxb7 {[%clk 00:14:27]} {[%emt 00:01:06]} Qc2
{[%clk 00:06:37]} {[%emt 00:00:51]} 33. c6 {[%clk 00:07:43]} {[%emt 00:07:16]}
Rf8 {[%clk 00:07:06]} 34. Qe7 {[%clk 00:06:07]} {[%emt 00:02:07]} Qxc6 {[%clk
00:03:59]} {[%emt 00:03:37]} 35. Nxg5 {[%clk 00:04:33]} {[%emt 00:02:04]} Qc2
{[%clk 00:02:04]} {[%emt 00:02:25]} 36. Nxe6 {[%clk 00:00:35]} {[%emt
00:04:28]} Qe4+ {[%clk 00:02:31]} {[%emt 00:00:03]} 37. Kh2 {[%clk 00:00:48]}
{[%emt 00:00:16]} Qxe6 {[%clk 00:02:58]} {[%emt 00:00:04]} 38. Qg5+ {[%clk
00:01:10]} {[%emt 00:00:08]} Kh8 {[%clk 00:02:19]} {[%emt 00:01:09]} 39. Ra7
{[%clk 00:00:58]} {[%emt 00:00:41]} Qc6 {[%clk 00:01:08]} {[%emt 00:01:40]} 40.
Qe5+ {[%clk 00:00:44]} {[%emt 00:00:45]} Kg8 {[%clk 00:01:29]} {[%emt
00:00:09]} 41. Qg5+ {[%clk 00:28:13]} {[%emt 00:03:01]} Kh8 {[%clk 00:31:54]}
{[%emt 00:00:06]} 42. Kg2 {[%clk 00:27:37]} {[%emt 00:01:06]} h6 {[%clk
00:28:34]} {[%emt 00:03:50]} 43. Qf5 {[%clk 00:24:05]} {[%emt 00:04:01]} Kg8
{[%clk 00:26:08]} {[%emt 00:02:57]} 44. h4 {[%clk 00:24:32]} {[%emt 00:00:03]}
Kg7 {[%clk 00:23:32]} {[%emt 00:03:06]} 45. Kh3 {[%clk 00:22:53]} {[%emt
00:02:08]} Kg8 {[%clk 00:23:17]} {[%emt 00:00:46]} 46. Kg4 {[%clk 00:22:10]}
{[%emt 00:01:12]} Kg7 {[%clk 00:19:56]} {[%emt 00:03:52]} 47. Kh3 {[%clk
00:18:59]} {[%emt 00:03:40]} Kg8 {[%clk 00:20:17]} {[%emt 00:00:09]} 48. Kg2
{[%clk 00:19:19]} {[%emt 00:00:10]} Kg7 {[%clk 00:20:41]} {[%emt 00:00:07]} 49.
Qg4+ {[%clk 00:16:49]} {[%emt 00:02:59]} Kh8 {[%clk 00:20:08]} {[%emt
00:01:04]} 50. Qe2 {[%clk 00:14:42]} {[%emt 00:02:36]} Kh7 {[%clk 00:06:02]}
{[%emt 00:14:37]} 51. Qd1 {[%clk 00:10:04]} {[%emt 00:05:08]} Qe8 {[%clk
00:04:37]} {[%emt 00:01:55]} 52. Rxa4 {[%clk 00:08:46]} {[%emt 00:01:47]} Qe4+
{[%clk 00:05:00]} {[%emt 00:00:07]} 53. Qf3 {[%clk 00:08:58]} {[%emt 00:00:19]}
Kg6 {[%clk 00:04:00]} {[%emt 00:01:30]} 54. Ra6+ {[%clk 00:02:52]} {[%emt
00:06:35]} Kg7 {[%clk 00:04:29]} {[%emt 00:00:01]} 55. Qxe4 {[%clk 00:02:38]}
{[%emt 00:00:45]} dxe4 {[%clk 00:04:58]} {[%emt 00:00:01]} 56. g4 {[%clk
00:02:28]} {[%emt 00:00:40]} f5 {[%clk 00:03:24]} {[%emt 00:02:04]} 57. Ra7+
{[%clk 00:00:41]} {[%emt 00:02:17]} Kg6 {[%clk 00:03:40]} {[%emt 00:00:13]} 58.
Ra6+ {[%clk 00:00:39]} {[%emt 00:00:32]} Kg7 {[%clk 00:04:10]} 59. Re6 {[%clk
00:00:40]} {[%emt 00:00:29]} fxg4 {[%clk 00:04:13]} {[%emt 00:00:26]} 60. Rxe4
{[%clk 00:00:51]} {[%emt 00:00:19]} h5 {[%clk 00:04:37]} {[%emt 00:00:07]} 61.
d5 {[%clk 00:00:44]} {[%emt 00:00:37]} Rf5 {[%clk 00:01:16]} {[%emt 00:03:51]}
62. Rd4 {[%clk 00:00:38]} {[%emt 00:00:35]} Kf7 {[%clk 00:01:44]} {[%emt
00:00:02]} 63. d6 {[%clk 00:00:52]} {[%emt 00:00:16]} Ke8 {[%clk 00:02:14]} 64.
d7+ {[%clk 00:01:04]} {[%emt 00:00:18]} Kd8 {[%clk 00:02:43]} 65. Rd3 {[%clk
00:01:08]} {[%emt 00:00:27]} Ra5 {[%clk 00:02:30]} {[%emt 00:00:43]} 66. Rd4
{[%clk 00:01:01]} {[%emt 00:00:37]} Rf5 {[%clk 00:02:50]} {[%emt 00:00:09]} 67.
Rd2 {[%clk 00:01:09]} {[%emt 00:00:22]} Ra5 {[%clk 00:02:34]} {[%emt 00:00:46]}
68. Kg3 {[%clk 00:01:28]} {[%emt 00:00:11]} Rf5 {[%clk 00:02:32]} {[%emt
00:00:32]} 69. Rd3 {[%clk 00:01:58]} {[%emt 00:00:01]} Rf6 {[%clk 00:02:46]}
{[%emt 00:00:15]} 70. Rd5 {[%clk 00:02:22]} {[%emt 00:00:07]} Rf3+ {[%clk
00:03:13]} {[%emt 00:00:03]} 71. Kg2 {[%clk 00:02:49]} {[%emt 00:00:03]} Rh3
{[%clk 00:03:40]} {[%emt 00:00:02]} 72. Rxh5 {[%clk 00:02:04]} {[%emt
00:01:15]} Kxd7 {[%clk 00:04:08]} {[%emt 00:00:02]} 73. Re5 {[%clk 00:00:33]}
{[%emt 00:02:01]} Kd6 {[%clk 00:03:18]} {[%emt 00:01:20]} 74. Re8 {[%clk
00:00:34]} {[%emt 00:00:29]} Rxh4 {[%clk 00:02:34]} {[%emt 00:01:15]} 75. Kg3
{[%clk 00:01:03]} {[%emt 00:00:01]} Rh7 {[%clk 00:02:55]} {[%emt 00:00:09]} 76.
Kxg4 {[%clk 00:01:23]} {[%emt 00:00:10]} Rg7+ {[%clk 00:03:20]} {[%emt
00:00:05]} 77. Kf4 {[%clk 00:01:39]} {[%emt 00:00:14]} Rf7+ {[%clk 00:03:44]}
{[%emt 00:00:05]} 78. Ke3 {[%clk 00:02:06]} {[%emt 00:00:04]} Kd7 {[%clk
00:03:22]} {[%emt 00:00:52]} 79. Re4 {[%clk 00:02:29]} {[%emt 00:00:07]} Kd6
{[%clk 00:03:46]} {[%emt 00:00:05]} 80. f3 {[%clk 00:02:50]} {[%emt 00:00:09]}
Kd7 {[%clk 00:03:38]} {[%emt 00:00:39]} 81. Kf2 {[%clk 00:03:17]} {[%emt
00:00:03]} Rg7 {[%clk 00:02:29]} {[%emt 00:01:39]} 82. Re5 {[%clk 00:03:37]}
{[%emt 00:00:10]} Kd6 {[%clk 00:02:40]} {[%emt 00:00:18]} 83. Re8 {[%clk
00:04:01]} {[%emt 00:00:06]} Kd7 {[%clk 00:02:53]} {[%emt 00:00:17]} 84. Re4
{[%clk 00:04:08]} {[%emt 00:00:23]} Kd6 {[%clk 00:03:14]} {[%emt 00:00:09]} 85.
Ke2 {[%clk 00:04:20]} {[%emt 00:00:17]} Rf7 {[%clk 00:03:18]} {[%emt 00:00:27]}
86. Ke3 {[%clk 00:04:45]} {[%emt 00:00:05]} Kd7 {[%clk 00:03:39]} {[%emt
00:00:09]} 87. Kd4 {[%emt 00:00:48]} 1/2-1/2

[Event "European Chess Club Cup 2023"]
[Site "Durres, Albania"]
[Date "2023.10.07"]
[Round "7.17"]
[White "Kilic, Eray"]
[Black "Santos Latasa, Jaime"]
[Result "1-0"]
[TimeControl "90' + 30' & 30\""]
[WhiteElo "2432"]
[BlackElo "2650"]

1. e4 {[%clk 01:30:57]} {[%emt 00:00:02]} c5 {[%clk 01:30:54]} {[%emt
00:00:07]} 2. Nf3 {[%clk 01:31:18]} {[%emt 00:00:09]} d6 {[%clk 01:31:19]}
{[%emt 00:00:05]} 3. Bb5+ {[%clk 01:31:45]} {[%emt 00:00:03]} Nd7 {[%clk
01:31:28]} {[%emt 00:00:22]} 4. d4 {[%clk 01:32:10]} {[%emt 00:00:04]} cxd4
{[%clk 01:31:49]} {[%emt 00:00:09]} 5. Nxd4 {[%clk 01:32:36]} {[%emt 00:00:05]}
Ngf6 {[%clk 01:31:50]} {[%emt 00:00:28]} 6. O-O {[%clk 01:33:00]} {[%emt
00:00:06]} a6 {[%clk 01:32:04]} {[%emt 00:00:17]} 7. Bd3 {[%clk 01:33:25]}
{[%emt 00:00:04]} Nc5 {[%clk 01:32:28]} {[%emt 00:00:07]} 8. Nc3 {[%clk
01:33:49]} {[%emt 00:00:06]} e6 {[%clk 01:32:36]} {[%emt 00:00:21]} 9. Be3
{[%clk 01:33:22]} {[%emt 00:00:56]} Be7 {[%clk 01:31:13]} {[%emt 00:01:53]} 10.
f4 {[%clk 01:32:59]} {[%emt 00:00:54]} O-O {[%clk 01:21:49]} {[%emt 00:09:55]}
11. Nb3 {[%clk 01:33:25]} {[%emt 00:00:04]} Nxd3 {[%clk 01:21:16]} {[%emt
00:01:03]} 12. cxd3 {[%clk 01:33:44]} {[%emt 00:00:10]} e5 {[%clk 01:12:46]}
{[%emt 00:09:00]} 13. f5 {[%clk 01:28:09]} {[%emt 00:06:05]} d5 {[%clk
01:11:31]} {[%emt 00:01:46]} 14. Bg5 {[%clk 01:28:01]} {[%emt 00:00:37]} dxe4
{[%clk 01:10:27]} {[%emt 00:01:35]} 15. Bxf6 {[%clk 01:27:35]} {[%emt
00:00:55]} Bxf6 {[%clk 01:10:50]} {[%emt 00:00:07]} 16. dxe4 {[%clk 01:28:02]}
{[%emt 00:00:04]} Bd7 {[%clk 01:09:54]} {[%emt 00:01:25]} 17. Qe2 {[%clk
01:26:26]} {[%emt 00:02:06]} Bc6 {[%clk 01:07:28]} {[%emt 00:02:57]} 18. Rfd1
{[%clk 01:26:29]} {[%emt 00:00:26]} Qb6+ {[%clk 01:07:14]} {[%emt 00:00:44]} 19.
Qf2 {[%clk 01:26:54]} {[%emt 00:00:05]} Qb4 {[%clk 01:06:30]} {[%emt 00:01:15]}
20. Qc5 {[%clk 01:21:43]} {[%emt 00:05:41]} Qxc5+ {[%clk 01:04:12]} {[%emt
00:02:47]} 21. Nxc5 {[%clk 01:22:08]} {[%emt 00:00:06]} Rfd8 {[%clk 01:03:54]}
{[%emt 00:00:48]} 22. Nd5 {[%clk 01:21:05]} {[%emt 00:01:33]} Bg5 {[%clk
00:48:43]} {[%emt 00:15:40]} 23. Kf2 {[%clk 01:21:19]} {[%emt 00:00:16]} h5
{[%clk 00:48:31]} {[%emt 00:00:42]} 24. Nb6 {[%clk 01:16:36]} {[%emt 00:05:14]}
Rxd1 {[%clk 00:41:53]} {[%emt 00:07:08]} 25. Rxd1 {[%clk 01:16:42]} {[%emt
00:00:24]} Re8 {[%clk 00:41:40]} {[%emt 00:00:42]} 26. Nd5 {[%clk 01:14:24]}
{[%emt 00:02:48]} Rc8 {[%clk 00:35:04]} {[%emt 00:07:05]} 27. Nb6 {[%clk
01:13:29]} {[%emt 00:01:26]} Rd8 {[%clk 00:32:15]} {[%emt 00:03:18]} 28. Rxd8+
{[%clk 01:09:40]} {[%emt 00:04:20]} Bxd8 {[%clk 00:32:36]} {[%emt 00:00:09]} 29.
Nd5 {[%clk 01:09:45]} {[%emt 00:00:25]} a5 {[%clk 00:31:08]} {[%emt 00:01:59]}
30. Kf3 {[%clk 01:09:36]} {[%emt 00:00:38]} Kf8 {[%clk 00:30:57]} {[%emt
00:00:38]} 31. Nd3 {[%clk 01:06:32]} {[%emt 00:03:38]} Bf6 {[%clk 00:30:46]}
{[%emt 00:00:40]} 32. Nxf6 {[%clk 01:06:31]} {[%emt 00:00:32]} gxf6 {[%clk
00:31:11]} {[%emt 00:00:05]} 33. Nf2 {[%clk 01:06:34]} {[%emt 00:00:27]} Kg7
{[%clk 00:31:19]} {[%emt 00:00:21]} 34. h4 {[%clk 01:06:28]} {[%emt 00:00:36]}
Bb5 {[%clk 00:29:23]} {[%emt 00:02:27]} 35. Nh1 {[%clk 01:06:48]} {[%emt
00:00:10]} Bc4 {[%clk 00:29:17]} {[%emt 00:00:35]} 36. Ng3 {[%clk 01:06:25]}
{[%emt 00:00:53]} Kh6 {[%clk 00:29:01]} {[%emt 00:00:46]} 37. b3 {[%clk
01:05:40]} {[%emt 00:01:16]} Bd3 {[%clk 00:28:49]} {[%emt 00:00:41]} 38. Ke3
{[%clk 01:05:05]} {[%emt 00:01:06]} Ba6 {[%clk 00:26:57]} {[%emt 00:02:22]} 39.
a3 {[%clk 01:04:54]} {[%emt 00:00:41]} Bb5 {[%clk 00:18:29]} {[%emt 00:08:58]}
40. a4 {[%clk 01:03:29]} {[%emt 00:01:55]} Bc6 {[%clk 00:16:56]} {[%emt
00:02:02]} 41. Ne2 {[%clk 01:03:42]} {[%emt 00:00:18]} b5 {[%clk 00:13:43]}
{[%emt 00:03:43]} 42. Nc3 {[%clk 01:03:53]} {[%emt 00:00:18]} bxa4 {[%clk
00:13:27]} {[%emt 00:00:46]} 43. bxa4 {[%clk 01:03:00]} {[%emt 00:01:22]} Kg7
{[%clk 00:09:08]} {[%emt 00:04:50]} 44. Kd3 {[%clk 01:02:53]} {[%emt 00:00:37]}
Kf8 {[%clk 00:07:26]} {[%emt 00:02:12]} 45. Kc4 {[%clk 01:01:12]} {[%emt
00:02:12]} Ke7 {[%clk 00:04:43]} {[%emt 00:03:12]} 46. Kc5 {[%clk 01:01:37]}
{[%emt 00:00:05]} Kd7 {[%clk 00:02:47]} {[%emt 00:02:26]} 47. Nd5 {[%clk
01:02:06]} {[%emt 00:00:01]} Bb7 {[%clk 00:00:51]} {[%emt 00:02:26]} 48. Nxf6+
{[%clk 01:02:31]} {[%emt 00:00:05]} Ke7 {[%clk 00:00:49]} {[%emt 00:00:31]} 49.
Nd5+ {[%clk 01:02:52]} {[%emt 00:00:10]} Kd7 {[%emt 00:00:58]} 50. Nc3 {[%clk
01:33:18]} Bc6 {[%clk 00:30:46]} {[%emt 00:00:09]} 51. Kb6 {[%clk 01:33:44]}
{[%emt 00:00:05]} Kd6 {[%clk 00:30:53]} {[%emt 00:00:22]} 52. f6 {[%clk
01:33:45]} {[%emt 00:00:29]} Ba8 {[%clk 00:29:41]} {[%emt 00:01:42]} 53. g3
{[%clk 01:28:27]} {[%emt 00:05:48]} Bc6 {[%clk 00:29:53]} {[%emt 00:00:18]} 54.
Kxa5 {[%clk 01:25:55]} {[%emt 00:03:02]} Kc5 {[%clk 00:29:53]} {[%emt
00:00:30]} 55. Ka6 {[%clk 01:26:22]} {[%emt 00:00:04]} Kd4 {[%clk 00:27:06]}
{[%emt 00:03:16]} 56. Kb6 {[%clk 01:25:47]} {[%emt 00:01:05]} Ba8 {[%clk
00:27:00]} {[%emt 00:00:37]} 57. Nb5+ {[%clk 01:26:14]} {[%emt 00:00:03]} Kxe4
{[%clk 00:27:19]} {[%emt 00:00:10]} 58. Nd6+ {[%clk 01:26:41]} {[%emt
00:00:03]} Kd5 {[%clk 00:27:05]} {[%emt 00:00:44]} 59. Nxf7 {[%clk 01:25:33]}
{[%emt 00:01:39]} Ke6 {[%clk 00:21:05]} {[%emt 00:06:30]} 60. Nxe5 {[%clk
01:25:54]} {[%emt 00:00:09]} Kxf6 {[%clk 00:21:25]} {[%emt 00:00:10]} 61. Nd3
{[%clk 01:24:59]} {[%emt 00:01:24]} Kf5 {[%clk 00:20:41]} {[%emt 00:01:14]} 62.
Nf4 {[%clk 01:25:26]} {[%emt 00:00:03]} Kg4 {[%clk 00:20:19]} {[%emt 00:00:52]}
63. Nxh5 {[%clk 01:25:53]} {[%emt 00:00:03]} Kxh5 {[%clk 00:20:27]} {[%emt
00:00:22]} 64. a5 {[%clk 01:26:19]} {[%emt 00:00:04]} Kg4 {[%clk 00:20:22]}
{[%emt 00:00:35]} 65. a6 {[%clk 01:26:34]} {[%emt 00:00:15]} Be4 {[%clk
00:19:20]} {[%emt 00:01:33]} 66. a7 {[%clk 01:26:59]} {[%emt 00:00:05]} Bf3
{[%clk 00:19:26]} {[%emt 00:00:23]} 67. Kc7 {[%clk 01:27:25]} {[%emt 00:00:05]}
1-0

[Event "European Chess Club Cup 2023"]
[Site "Durres, Albania"]
[Date "2023.10.07"]
[Round "7.18"]
[White "Gurel, Ediz"]
[Black "Ozen, Deniz"]
[Result "1-0"]
[TimeControl "90' + 30' & 30\""]
[WhiteElo "2514"]
[BlackElo "2382"]

1. e4 {[%clk 01:30:55]} {[%emt 00:00:05]} e5 {[%clk 01:30:54]} {[%emt
00:00:07]} 2. Nf3 {[%clk 01:31:13]} {[%emt 00:00:11]} Nf6 {[%clk 01:31:18]}
{[%emt 00:00:07]} 3. d4 {[%clk 01:31:20]} {[%emt 00:00:23]} Nxe4 {[%clk
01:31:41]} {[%emt 00:00:06]} 4. Bd3 {[%clk 01:31:32]} {[%emt 00:00:19]} d5
{[%clk 01:32:04]} {[%emt 00:00:07]} 5. Nxe5 {[%clk 01:31:47]} {[%emt 00:00:15]}
Nd7 {[%clk 01:32:01]} {[%emt 00:00:33]} 6. Nc3 {[%clk 01:32:02]} {[%emt
00:00:15]} Nxe5 {[%clk 01:22:34]} {[%emt 00:09:57]} 7. dxe5 {[%clk 01:31:56]}
{[%emt 00:00:36]} Nc5 {[%clk 01:22:43]} {[%emt 00:00:20]} 8. Nxd5 {[%clk
01:28:10]} {[%emt 00:04:16]} Nxd3+ {[%clk 01:21:51]} {[%emt 00:01:23]} 9. Qxd3
{[%clk 01:28:35]} {[%emt 00:00:05]} c6 {[%clk 01:20:40]} {[%emt 00:01:40]} 10.
Nc3 {[%clk 01:27:08]} {[%emt 00:01:58]} Qxd3 {[%clk 01:17:51]} {[%emt
00:03:19]} 11. cxd3 {[%clk 01:27:36]} {[%emt 00:00:02]} Bf5 {[%clk 01:13:08]}
{[%emt 00:05:13]} 12. d4 {[%clk 01:25:50]} {[%emt 00:02:15]} O-O-O {[%clk
01:09:02]} {[%emt 00:04:37]} 13. Be3 {[%clk 01:26:05]} {[%emt 00:00:15]} Bb4
{[%clk 00:56:24]} {[%emt 00:13:07]} 14. Ke2 {[%clk 01:18:43]} {[%emt 00:07:53]}
f6 {[%clk 00:52:54]} {[%emt 00:04:00]} 15. exf6 {[%clk 01:13:46]} {[%emt
00:05:27]} gxf6 {[%clk 00:53:05]} {[%emt 00:00:18]} 16. f3 {[%clk 01:09:39]}
{[%emt 00:04:37]} Rhe8 {[%clk 00:43:21]} {[%emt 00:10:15]} 17. Kf2 {[%clk
01:09:51]} {[%emt 00:00:18]} Re7 {[%clk 00:41:55]} {[%emt 00:01:55]} 18. g4
{[%clk 01:04:07]} {[%emt 00:06:15]} Bg6 {[%clk 00:39:25]} {[%emt 00:03:00]} 19.
Rac1 {[%clk 00:57:27]} {[%emt 00:07:09]} Rde8 {[%clk 00:21:40]} {[%emt
00:18:16]} 20. Nd5 {[%clk 00:46:24]} {[%emt 00:11:33]} Re6 {[%clk 00:21:50]}
{[%emt 00:00:19]} 21. Nxb4 {[%clk 00:46:41]} {[%emt 00:00:14]} Rxe3 {[%clk
00:22:14]} {[%emt 00:00:05]} 22. Nd5 {[%clk 00:47:08]} {[%emt 00:00:04]} Re2+
{[%clk 00:21:20]} {[%emt 00:01:24]} 23. Kg3 {[%clk 00:47:33]} {[%emt 00:00:05]}
Rf8 {[%clk 00:13:00]} {[%emt 00:08:50]} 24. h4 {[%clk 00:40:21]} {[%emt
00:07:42]} Rxb2 {[%clk 00:13:21]} {[%emt 00:00:08]} 25. h5 {[%clk 00:40:43]}
{[%emt 00:00:09]} Be8 {[%clk 00:11:32]} {[%emt 00:02:19]} 26. Rhe1 {[%clk
00:39:03]} {[%emt 00:02:10]} Bd7 {[%clk 00:10:40]} {[%emt 00:01:22]} 27. Ne7+
{[%clk 00:33:27]} {[%emt 00:06:06]} Kc7 {[%clk 00:09:28]} {[%emt 00:01:42]} 28.
d5 {[%clk 00:33:52]} {[%emt 00:00:05]} Rxa2 {[%clk 00:08:52]} {[%emt 00:01:06]}
29. dxc6 {[%clk 00:34:17]} {[%emt 00:00:06]} bxc6 {[%clk 00:08:48]} {[%emt
00:00:34]} 30. Nd5+ {[%clk 00:34:19]} {[%emt 00:00:27]} Kd8 {[%clk 00:04:09]}
{[%emt 00:05:08]} 31. Nb4 {[%clk 00:33:40]} {[%emt 00:01:10]} Rd2 {[%clk
00:04:31]} {[%emt 00:00:08]} 32. Nxc6+ {[%clk 00:32:51]} {[%emt 00:01:19]} Bxc6
{[%clk 00:04:23]} {[%emt 00:00:38]} 33. Rxc6 {[%clk 00:33:19]} {[%emt
00:00:01]} f5 {[%clk 00:02:41]} {[%emt 00:02:13]} 34. g5 {[%clk 00:30:55]}
{[%emt 00:02:55]} f4+ {[%clk 00:03:06]} {[%emt 00:00:04]} 35. Kh3 {[%clk
00:31:22]} {[%emt 00:00:03]} Rd5 {[%clk 00:01:33]} {[%emt 00:02:03]} 36. Kg4
{[%clk 00:29:29]} {[%emt 00:02:23]} Rff5 {[%clk 00:00:47]} {[%emt 00:01:16]} 37.
Rd6+ {[%clk 00:29:53]} {[%emt 00:00:06]} Rxd6 {[%clk 00:00:50]} {[%emt
00:00:27]} 38. Kxf5 {[%clk 00:30:22]} {[%emt 00:00:01]} Rd5+ {[%clk 00:00:38]}
{[%emt 00:00:42]} 39. Kf6 {[%clk 00:28:35]} {[%emt 00:02:16]} Rd3 {[%clk
00:00:37]} {[%emt 00:00:32]} 40. g6 {[%clk 00:28:18]} {[%emt 00:00:47]} hxg6
{[%clk 00:00:59]} {[%emt 00:00:08]} 41. hxg6 {[%clk 00:28:47]} Rxf3 {[%clk
00:27:25]} {[%emt 00:04:03]} 42. Rg1 {[%clk 00:59:00]} {[%emt 00:00:18]} Re3
{[%clk 00:27:36]} {[%emt 00:00:18]} 43. g7 {[%clk 00:59:24]} {[%emt 00:00:07]}
Re8 {[%clk 00:28:04]} {[%emt 00:00:02]} 44. g8=Q {[%clk 00:59:49]} {[%emt
00:00:05]} Rxg8 {[%clk 00:28:30]} {[%emt 00:00:04]} 45. Rxg8+ {[%clk 01:00:14]}
{[%emt 00:00:05]} Kc7 {[%clk 00:28:57]} {[%emt 00:00:02]} 46. Ke5 {[%clk
01:00:26]} {[%emt 00:00:18]} 1-0